000
00341nam a2200145Ia 4500
008
230718s9999 xx 000 0 und d
041
_a
Eng.
082
_a
364173
_b
HAQ-P
100
_a
Haq, Dr. Itcsamul
245
0
_a
Pallistan Man Trap
260
_a
Pakistan
_b
Leahace Law Publisher
_c
2003
300
_a
303
650
_a
Law
999
_c
28628
_d
28628